00669nam a2200193Ia 4500008004100000020002200041041000800063082001500071100001700086245004500103250001100148260004800159300000900207700002100216700001900237906001700256999002100273952018100294250602s2009 xx 000 0 und d a978-1-111-58098-8 aeng a570.21/SAT aStarr, Cecie aBiology: The Unity and Diversity of Life a13 Ed. aDELHIbCENGAGE LEARNING INDIA PVT LTDc2009 a627p aEvers, Christine aTaggart, Ralph aLIFE SICENCE c1210262d1210262 00104070aPKSbPKSd2025-05-19eBharati Madyavarti Sahakari Grahak Bhandar, Pune (Best Book Supllier, Kolhapur)l0o570.21/SATpPKS-M-467r2025-06-02 00:00:00w2025-06-02yBK